| 000 | 00000nam 2200000za 4500 |
| 001 | 9.606806 |
| 003 | CaOODSP |
| 005 | 20250403105216 |
| 007 | cr ||||||||||| |
| 008 | 150406|2011||||xxc|||||o f|0| 0 fre d |
| 040 | |aCaOODSP|bfre |
| 043 | |an-cn--- |
| 086 | 1 |aCS12-572/2011F-HTML |
| 245 | 00|aClassification géographique type (CGT) 2011. Volume II, Cartes de référence / |h[ressource électronique]|cPublié par la Division des normes. |
| 260 | |bStatistique Canada |
| 490 | 1 |aClassification géographique type (CGT)... Volume II, Cartes de référence|v2011 |
| 590 | |a14-06-Supp|b2014-03-21 |
| 691 | 07|aDonnées du recensement|2gcpds |
| 710 | 2 |aStatistique Canada. |
| 830 | #0|aClassification géographique type (CGT)... Volume II, Cartes de référence ;|v2011|w(CaOODSP)9.501485 |
| 856 | 40|uhttp://www.statcan.gc.ca/subjects-sujets/standard-norme/sgc-cgt/2011/map-carte-index-fra.htm|sN/A|qHTML |